<?xml version="1.0" encoding="UTF-8"?>
<record
    xmlns:xsi="http://www.w3.org/2001/XMLSchema-instance"
    xsi:schemaLocation="http://www.loc.gov/MARC21/slim http://www.loc.gov/standards/marcxml/schema/MARC21slim.xsd"
    xmlns="http://www.loc.gov/MARC21/slim">

  <leader>01125nam a2200289 i 4500</leader>
  <controlfield tag="001">000000383435</controlfield>
  <controlfield tag="003">IT-MiSPE</controlfield>
  <controlfield tag="005">20200830121405.0</controlfield>
  <controlfield tag="008">100511s1996    it            001 0 ita d</controlfield>
  <datafield tag="020" ind1=" " ind2=" ">
    <subfield code="a">9788877106728</subfield>
    <subfield code="c">25.00 EUR</subfield>
  </datafield>
  <datafield tag="040" ind1=" " ind2=" ">
    <subfield code="a">IT-MiSPE</subfield>
    <subfield code="b">ita</subfield>
    <subfield code="d">ip</subfield>
    <subfield code="c">IT-MiSPE</subfield>
  </datafield>
  <datafield tag="082" ind1=" " ind2=" ">
    <subfield code="a">194-BER he du (axa 23260)</subfield>
  </datafield>
  <datafield tag="100" ind1="1" ind2=" ">
    <subfield code="a">Bergson, Henri,</subfield>
    <subfield code="d">1859-1941.</subfield>
    <subfield code="9">58383</subfield>
  </datafield>
  <datafield tag="240" ind1="1" ind2="4">
    <subfield code="a">Les deux sources de la morale et de la religion.</subfield>
    <subfield code="l">Italiano</subfield>
  </datafield>
  <datafield tag="245" ind1="1" ind2="3">
    <subfield code="a">Le due fonti della morale e della religione /</subfield>
    <subfield code="c">Henri Bergson ; con uno scritto di Gilles Deleuze.</subfield>
  </datafield>
  <datafield tag="260" ind1=" " ind2=" ">
    <subfield code="a">Milano :</subfield>
    <subfield code="b">SE,</subfield>
    <subfield code="c">&#xA9;2006.</subfield>
  </datafield>
  <datafield tag="260" ind1=" " ind2=" ">
    <subfield code="a">Torino :</subfield>
    <subfield code="b">Einaudi,</subfield>
    <subfield code="c">&#xA9;2001.</subfield>
  </datafield>
  <datafield tag="300" ind1=" " ind2=" ">
    <subfield code="a">258 p. ;</subfield>
    <subfield code="c">22 cm</subfield>
  </datafield>
  <datafield tag="490" ind1="1" ind2=" ">
    <subfield code="a">Conoscenza religiosa</subfield>
    <subfield code="v">37</subfield>
  </datafield>
  <datafield tag="500" ind1=" " ind2=" ">
    <subfield code="a">Tit. orig.: Les deux sources de la morale et de la religion</subfield>
  </datafield>
  <datafield tag="655" ind1=" " ind2="7">
    <subfield code="a">Filosofi di lingua francese posteriori al 1920</subfield>
    <subfield code="x">Bergson Henri, 1859-1941.</subfield>
    <subfield code="2">local</subfield>
    <subfield code="9">58384</subfield>
  </datafield>
  <datafield tag="700" ind1="1" ind2=" ">
    <subfield code="a">Deleuze, Gilles,</subfield>
    <subfield code="d">1925-1995,</subfield>
    <subfield code="e">postfazione</subfield>
    <subfield code="9">58385</subfield>
  </datafield>
  <datafield tag="700" ind1="1" ind2=" ">
    <subfield code="a">Vinciguerra, Mario</subfield>
    <subfield code="d">1887-1972,</subfield>
    <subfield code="e">traduzione</subfield>
    <subfield code="9">58386</subfield>
  </datafield>
  <datafield tag="942" ind1=" " ind2=" ">
    <subfield code="2">ddc</subfield>
    <subfield code="c">BK</subfield>
  </datafield>
  <datafield tag="999" ind1=" " ind2=" ">
    <subfield code="c">358841</subfield>
    <subfield code="d">358841</subfield>
  </datafield>
  <datafield tag="952" ind1=" " ind2=" ">
    <subfield code="0">0</subfield>
    <subfield code="1">0</subfield>
    <subfield code="2">ddc</subfield>
    <subfield code="4">0</subfield>
    <subfield code="6">194BER_HE_DU_AXA_23260</subfield>
    <subfield code="7">1</subfield>
    <subfield code="a">CINISELLO</subfield>
    <subfield code="b">CINISELLO</subfield>
    <subfield code="d">2020-08-30</subfield>
    <subfield code="l">0</subfield>
    <subfield code="o">194-BER he du (axa 23260)</subfield>
    <subfield code="p">9788877106728</subfield>
    <subfield code="r">2020-08-30 00:00:00</subfield>
    <subfield code="w">2020-08-30</subfield>
    <subfield code="y">BK</subfield>
  </datafield>
</record>
